000 00528nam a2200157 a 4500
001 000039538
005 20201002031708.0
008 130705s1986 dr 000 0 spa d
040 _aDO-SdBNP
_bspa
_cBNPHU
082 _axxx
100 1 _aCross Beras, Julio A.
_96904
245 1 0 _aLiderazgo opinión pública y población /
_cJulio A. Cross Beras, Maritza Molina Achecar.
260 _aSanto Domingo :
_bConsejo Nacional de Población y Familia,
_c1986.
300 _a153 p. :
_b28 cm.
700 1 _aMolina Achecar, Maritza
_910841
999 _c39028
_d39028